Television Show Locations - Statistics

General Stats
  • This quiz has been taken 649 times
    115 since last reset
  • The average score is 16 of 30
Answer Stats
Hint Answer % Correct
The Boys New York
95%
Friends New York
95%
Seinfield New York
95%
It's always sunny in Philadelphia Philadelphia
94%
Sherlock London
84%
The Simpsons Springfield
84%
Gotham Gotham
80%
Lucifer Los Angeles
77%
The Office Scranton
72%
House of Cards Washington D.C
71%
Breaking Bad Albuquerque
70%
Squid Game Seoul
68%
Shameless Chicago
64%
Riverdale Riverdale
62%
Spongebob Bikini Bottom
60%
Peaky Blinders Birmingham
60%
South Park South Park
60%
Big Bang Theory Pasadena
51%
The Walking Dead Atlanta
49%
Family Guy Quahog
47%
Game of Thrones Westeros
44%
Parks and Rec Pawnee
29%
Stranger things Hawkins
27%
The Good Doctor San Jose
22%
The Mandalorian A Galaxy far far away
19%
Community Greendale
15%
That 70s show Point place
14%
Arrested development Orange County
10%
Scrubs San DiFrangeles
4%
13 Reasons Why Crestmont
2%
No matching quizzes found
Score Distribution
Percent of People with Each Score
Percentile by Number Answered
Your Score History
You have not taken this quiz since the last reset